Commission on the socio-economic conditions of scheduled castes and scheduled tribes (constituted under the Commissions of Inquiry Act, 1952) (Central Act 60 of 1952): report (Record no. 489171)

000 -LEADER
fixed length control field 00614cam a22001337a 4500
008 - FIXED-LENGTH DATA ELEMENTS--GENERAL INFORMATION
fixed length control field 180718b1982 xxu||||| |||| 00| 0 eng d
082 ## - DEWEY DECIMAL CLASSIFICATION NUMBER
Classification number BA27x5453 K45C
100 ## - MAIN ENTRY--PERSONAL NAME
Personal name Kerala. Commission on the socio-economic conditions of scheduled castes and scheduled tribes
245 ## - TITLE STATEMENT
Title Commission on the socio-economic conditions of scheduled castes and scheduled tribes (constituted under the Commissions of Inquiry Act, 1952) (Central Act 60 of 1952): report
260 ## - PUBLICATION, DISTRIBUTION, ETC.
Place of publication, distribution, etc. Trivandrum
Name of publisher, distributor, etc. The author
Date of publication, distribution, etc. 1982
300 ## - PHYSICAL DESCRIPTION
Extent 3v.
500 ## - GENERAL NOTE
General note Contents: v.1. has two Parts. Pt. 1. report. 119p
700 ## - ADDED ENTRY--PERSONAL NAME
Personal name Vijayanath, Babu, Chairman
Holdings
Withdrawn status Lost status Damaged status Not for loan Permanent Location Current Location Date acquired Full call number Barcode Date last seen Price effective from Koha item type
        Indian Institute of Public Administration Indian Institute of Public Administration 2018-08-04 BA27x5453 K45C G18024 2018-08-04 2018-08-04 G

Powered by Koha